World Leaders By Letter - A - Statistics

General Stats
  • This quiz has been taken 18 times
  • The average score is 4 of 12
Answer Stats
Picture Answer % Correct
Yasser Arafat
83%
Bashar al-Assad
78%
Chester A. Arthur
78%
Idi Amin
61%
Anthony Albanese
39%
Clement Attlee
28%
Yuri Andropov
17%
Abiy Ahmed
11%
Ilham Aliyev
6%
Salvador Allende
6%
Óscar Arias
0%
Ramiz Alia
0%
No matching quizzes found
Score Distribution
Percent of People with Each Score
Percentile by Number Answered
Your Score History
You have not taken this quiz